Guess the Country Based on the F1 Track - Statistics

General Stats
  • This quiz has been taken 164 times
  • The average score is 73 of 78
Answer Stats
Track Country % Correct
Adelaide Australia
100%
Albert Park Australia
100%
AVUS Germany
100%
Hockenheimring Germany
100%
Nürburgring Germany
100%
Shanghai China
99%
Monaco Monaco
99%
Bugatti Au Mans/Le Mans France
98%
Charade France
98%
Dijon-Prenois France
98%
Nevers Magny-Cours France
98%
Paul Ricard France
98%
Reims-Gueux France
98%
Rouen-Les-Essarts France
98%
Imola/Emilia Romagna Italy
98%
Monza Italy
98%
Mugello Italy
98%
Pescara Italy
98%
Fuji Speedway Japan
98%
Suzuka Japan
98%
TI Aida Japan
98%
Mexico City Mexico
98%
Barcelona-Catalunya Spain
98%
Jerez Spain
98%
Jarama Spain
98%
Montjuic Spain
98%
Pedralbes Spain
98%
Valencia Spain
98%
Caesars Palace USA
98%
COTA USA
98%
Detroit USA
98%
Fair Park USA
98%
Indianapolis USA
98%
Long Beach USA
98%
Las Vegas Strip USA
98%
Miami USA
98%
Phoenix USA
98%
Riverside USA
98%
Sebring USA
98%
Watkins Glen USA
98%
Zandvoort Netherlands
97%
Red Bull Ring Austria
96%
Zeltweg Austria
96%
Bahrain Bahrain
96%
Interlagos Brazil
96%
Jacarepaguá/Nelson Piquet/Rio de Janiero Brazil
96%
Jeddah Saudi Arabia
96%
Baku Azerbaijan
95%
Nivelles-Baulers Belgium
95%
Spa-Francorchamps Belgium
95%
Zolder Belgium
95%
Hungaroring Hungary
95%
Korea South Korea
95%
Aintree UK
94%
Brands Hatch UK
94%
Donington Park UK
94%
Silverstone UK
94%
Gilles Villenevue Canada
92%
Mont-Tremblant Canada
92%
Mosport Park Canada
92%
Buenos Aires Argentina
91%
Mariana Bay SIngapore
91%
Igora Drive Russia
90%
Sochi Russia
90%
Boavista Portugal
89%
Estoril Portugal
89%
Monsanto Portugal
89%
Portimao/Algarve Portugal
89%
Losail/Lusail Qatar
89%
Istanbul Turkey
89%
Yas Marina UAE
87%
Buddh India
83%
Scandinavian Sweden
80%
Sepang Malaysia
77%
Kyalami South Africa
73%
Prince George South Africa
73%
Bremgarten Switzerland
64%
Ain-Diab Morocco
60%
No matching quizzes found
Score Distribution
Percent of People with Each Score
Percentile by Number Answered
Your Score History
You have not taken this quiz